000 00573nam a2200229Ia 4500
005 20250425162348.0
008 250425s9999 xx 000 0 und d
020 _a9789978310595
041 _aspa
043 _aec
082 _a860.866
100 _aALVARADO, ALEX; ET ALL
245 0 _aY TODAVIA SIGUE ALLI: MICROLITERATURA
250 _a1A ED.
260 _aEcuador
_bESPOL
_c2008
260 _aGUAYAQUIL
300 _a280
500 _aSERIE NUESTROS VALORES N°34 COLECCIÓN ESPOL
650 _aLITERATURA ECUATORIANA
942 _c01
010 _a66026
999 _c227700
_d227700